Doing business with Taiwan

Saved in:
Bibliographic Details
Corporate Author: China External Trade Development Council
Format: Book
Language:Undetermined
Published: Taipei China External Trade Development Council 1995
Subjects:
Tags: Add Tag
No Tags, Be the first to tag this record!
Institutions: Trung tâm Học liệu Trường Đại học Cần Thơ
LEADER 00604nam a2200193Ia 4500
001 CTU_91195
008 210402s9999 xx 000 0 und d
082 |a 650.0951 
082 |b C539 
110 |a China External Trade Development Council 
245 0 |a Doing business with Taiwan 
245 0 |c China External Trade Development Council 
260 |a Taipei 
260 |b China External Trade Development Council 
260 |c 1995 
650 |a National characteristics,Business etiquette 
650 |z Chinese,Taiwan 
904 |i Nguyên 
980 |a Trung tâm Học liệu Trường Đại học Cần Thơ